| 000 | 00478nam a2200133 a 4500 | ||
|---|---|---|---|
| 008 | 120416s9999 ||||||||||||||||| || u | ||
| 050 | _aTHESIS | ||
| 100 | _aLombe, Angela Chisanga | ||
| 245 | 1 | 4 | _aThe role of safety in the productivity of a production company |
| 246 | _acase study of Konkola copper mine | ||
| 260 | _a2004 | ||
| 350 | _a0.00 | ||
| 995 |
_D0.00 _FCBU-MAIN LIBRARY (Kitwe) _H1 _I0.00 _UAVAILABLE _ZUniversity Collection |
||
| 999 |
_c56698 _d56698 |
||